Cities of the Americas by picture - Statistics

General Stats
  • This quiz has been taken 23 times
  • The average score is 11 of 16
Answer Stats
Picture Answer % Correct
Havana
95%
Washington
95%
San Francisco
90%
Toronto
90%
Las Vegas
86%
Rio de Janeiro
81%
New York
76%
Bogotá
62%
Buenos Aires
57%
Chicago
57%
Los Angeles
57%
Brasilia
48%
Calgary
48%
Miami
48%
Quebec City
48%
Philadelphia
38%
No matching quizzes found
Score Distribution
Percent of People with Each Score
Percentile by Number Answered
Your Score History
You have not taken this quiz